LEADER 01093nam a2200265 i 4500 001 000000057376 003 CaOOAMICUS 005 20260522155643.0 008 981022s1985 it u000 u ita u 020 $a88-06-58040-X 040 $aSeMil$bita 245 13$aLa Calabria /$ca cura di Piero Bevilacqua e Augusto Placanica. 264 1$aTorino :$bEinaudi,$c1985. 300 $aXV, 960 p., [15] c. di tav. :$bill. ;$c22 cm 650 4$aCalabria - Storia - Sec. 19.-20.$0(OLS)http://semarc/subject/60342 700 1 $aBevilacqua, Piero.$0(OLS)http://semarc/name/29159 700 1 $aPlacanica, Augusto.$0(OLS)http://semarc/name/29160 773 0 $tStoria d'Italia.$dTorino : Einaudi, 1977-2002.$w()3449 850 $aSeMil 852 $aSeMil$W1$xVenegono$y1$mSL1.J V 3$j272403$B23530$CSeMilBibl$Z2$F23532 $8I 961 $aAcquisto: Rappresentante 996 $6020$a88-06-58040-X$9(OLS)http://semarc/number/32695 996 $6245$aLa Calabria$9(OLS)http://semarc/title/89295 996 $6264$aTorino :$bEinaudi$9(OLS)http://semarc/publisher/29884